Statistics for Painters of famous paintings

Click here to take the quiz!

General Stats

  • This quiz has been taken 369 times
  • The average score is 6 of 9

Answer Stats

Answer% Correct
Leonardo DaVinci
100%
Vincent van Gogh
99%
Edvard Munch
89%
Jan Vermeer
82%
Gustav Klimt
81%
Rembrandt van Rijn
75%
Grant Wood
47%
Georges Seurat
38%
Katsushika Hokusai
29%

Score Distribution

Percentile by Number Answered

Percent of People with Each Score

Your Score History

You have not taken this quiz